| 000 | 00000nam 2200000za 4500 |
| 001 | 9.699211 |
| 003 | CaOODSP |
| 005 | 20220912144643 |
| 007 | cr ||||||||||| |
| 008 | 150407|1994||||xxc|||||o f|0| 0 eng d |
| 040 | |aCaOODSP|beng |
| 043 | |an-cn--- |
| 086 | 1 |aEn108-4/21-1994E-PDF |
| 110 | 1 |aCanada.|bCanadian Council of Ministers of the Environment. |
| 245 | 10|aEnvironmental code of practice for aboveground storage tank systems containing petroleum products / |h[electronic resource]|cpublished by the National Task Force on Storage Tanks for the Canadian Council of Ministers of the Environment. |
| 260 | |aWinnipeg - Manitoba : |bCanadian Council of Ministers of the Environment |cAugust 1994. |
| 300 | |a70p.|bglossary |
| 546 | |a(Résumé en français.) |
| 590 | |a14-09-Supp|b2014-04-23 |
| 690 | 07|aEnvironmental standards|2gcpds |
| 775 | 08|tCode de recommandations techniques pour la protection de l'environnement applicable aux systèmes de stockage hors sol de produits pétroliers / |w(CaOODSP)9.643166 |
| 794 | |tEnvironmental code of practice for aboveground and underground storage tank systems containing petroleum and allied petroleum products |w(CaOODSP)9.697762 |
| 856 | 40|ahttp://publications.gc.ca|qPDF|s565 KB|uhttps://publications.gc.ca/collections/collection_2014/ec/En108-4-21-1994-eng.pdf |
| 986 | |aPN 1148 |